00712nam a2200193Ia 4500001002500000003000900025008004100034040002300075041001300098100001900111240007100130245007400201250001500275260003600290300001900326490001900345501012400364700003000488154.4-HOL gü fa (13567)IT-MiSPE171229s9999||||xx |||||||||||||| ||und|| aIT-MiSPEcIT-MiSPE aITALIANO aGünter Hole  aFanatismus: Der Drang zum Extrem und seine psychologischen Wurzeln 0aIl fanatismobLa propensione all'estremismo e le sue radici psichiche a1a ed. (v) aCinisello B.mobSan Paoloc2000 a181 p. c21 cm aPsicologiav39 aEdizioni San Paolo srl - Piazza Soncino, 5 - 20092 CINISELLO BALSAMO (MI) (non commercial uses only) ® Copyright 2018 aCarlo Dannag(traduzione)